LDR 00846naa#a2200181#i#450# 001 RU\\bibl\122560 005 20260602103050.2 011 ## _a2304-9707 100 ## _a20260519b2026####ek#y0rusy0150####ca 101 0# _aRUS 102 ## _aRU 200 1# _aЕвропейский конгресс психиатрии EPA 2026: цифровая трансформация, уязвимые группы и переосмысление психиатрической практики в Европе _eЖурнальная статья 210 1# _aМосква _cООО Издательство «Логос Пресс» _d2026 215 ## _a3 с. 608 ## _aЖурнальная статья _2local 686 ## _aКлиническая медицина. 76.29 _2grnti 700 #1 _aСеменова _gНаталья Дмитриевна 856 4# _alogospress.editorum.ru _u